Gems of hindi poetry/ (Record no. 160837)
[ view plain ]
| 000 -LEADER | |
|---|---|
| fixed length control field | 00727nam a22002177a 4500 |
| 005 - DATE AND TIME OF LATEST TRANSACTION | |
| control field | 20250121122531.0 |
| 010 ## - LCCN (DPL NO) | |
| LC control number | ENG-124812 ENG-143535 |
| 020 ## - INTERNATIONAL STANDARD BOOK NUMBER | |
| International Standard Book Number | 9788193802212 |
| Terms of availability | 450.00 |
| 020 ## - INTERNATIONAL STANDARD BOOK NUMBER | |
| International Standard Book Number | 9788193802205 |
| Terms of availability | 225.00 |
| 035 ## - SYSTEM CONTROL NUMBER | |
| System control number | EN-108344 |
| 035 ## - SYSTEM CONTROL NUMBER | |
| System control number | EN-127067 |
| 037 ## - SOURCE OF ACQUISITION | |
| Source of stock number/acquisition | DBAD/PUB |
| 082 ## - DEWEY DECIMAL CLASSIFICATION NUMBER | |
| Classification number | 821 |
| 245 ## - TITLE STATEMENT | |
| Title | Gems of hindi poetry/ |
| Statement of responsibility, etc | edited by Om Sapra; translated by Kuldip Salil |
| 260 ## - PUBLICATION, DISTRIBUTION, ETC. (IMPRINT) | |
| Place of publication, distribution, etc | New Delhi |
| Name of publisher, distributor, etc | Sasta Sahitya Mandal Prakashan |
| Date of publication, distribution, etc | 2018 |
| 270 ## - ADDRESS | |
| Address | N-77, First Floor, Connaught Circus |
| City | New Delhi |
| Postal code | 110001 |
| Telephone number | 011-23310505, 41523565 |
| Electronic mail address | sastasahityamandal@gmail.com |
| 300 ## - PHYSICAL DESCRIPTION | |
| Extent | 257p. |
| Dimensions | 22cm(Hb) |
| 700 ## - ADDED ENTRY--PERSONAL NAME | |
| Personal name | Sapra Om |
| 9 (RLIN) | 76816 |
| 700 ## - ADDED ENTRY--PERSONAL NAME | |
| Personal name | Salil Kuldip |
| 9 (RLIN) | 76817 |
| 942 ## - ADDED ENTRY ELEMENTS (KOHA) | |
| Source of classification or shelving scheme | Dewey Decimal Classification |
| Item type | English Books |
| Classification part | 821 |
| Call number suffix | GEM |
| Withdrawn status | Lost status | Not for loan | Collection code | Home library | Current library | Date acquired | Source of acquisition | Cost, normal purchase price | Full call number | Barcode | Copy number | Cost, replacement price | Koha item type |
|---|---|---|---|---|---|---|---|---|---|---|---|---|---|
| Not For Loan | Non-fiction | D.B.Act.Division | Ashok Vihar | 12/02/2019 | DBAD/PUB | 450.00 | 821 GEM | EN-108344 | 1 | 450.00 | English Books | ||
| Non-fiction | Ashok Vihar | Ashok Vihar | 21/01/2025 | Delivery of Books Act Division | 225.00 | 821 GEM | EN-127067 | 1 | 225.00 | English Books |
